000 00374nam a2200133Ia 4500
008 231129s1999||||xx |||||||||||||| ||spa||
040 _bspa
082 _a343.0143026 C718co
100 _aColombia
245 0 _aCódigo penal militar: Ley 522 de 1999 (Agosto 12)
260 _c1999
264 _aMedellí­n Colombia : Librerí­a Jurí­dica Sanchez R.
942 _2ddc
_cBKS
999 _c7155
_d7155